[Event "España ch sub-12 2012"]
[Site "Salobreña ESP"]
[Date "2012.07.04"]
[Round "4.10"]
[White "Lacruz Algarate, Alvaro"]
[Black "Lechuga Cabrero, Luis Miguel"]
[Result "1-0"]
[WhiteElo "1363"]
[BlackElo "1712"]
[PlyCount "123"]
[EventDate "2012.07.02"]
[EventType "swiss"]
[EventRounds "9"]
[EventCountry "ESP"]
[Source "lmi"]
[SourceDate "2012.07.02"]

1. e4 e5 2. Nf3 Nc6 3. Bc4 Bc5 4. c3 Nf6 5. d4 exd4 6. cxd4 Bb4+ 7. Bd2 Bxd2+
8. Nbxd2 d6 9. Qb3 O-O 10. O-O Na5 11. Qc2 Nxc4 12. Qxc4 Bg4 13. Qe2 Re8 14.
Rfe1 Qe7 15. Rac1 Rac8 16. e5 Nd7 17. Qe4 Bxf3 18. Nxf3 c6 19. Qg4 d5 20. Rc3
Nf6 21. Qf4 Ne4 22. Ra3 a6 23. Nd2 Qb4 24. Nf3 Qxb2 25. Rb3 Qxf2+ 26. Kh1 Re7
27. Reb1 Qxa2 28. R3b2 Qa5 29. Qf5 Qc7 30. Rxb7 g6 31. Rxc7 Rexc7 32. Qf4 Nc3
33. Rb3 Ne4 34. Ng5 Nxg5 35. Qxg5 c5 36. dxc5 Rxc5 37. h3 a5 38. Qd2 Kg7 39.
Ra3 Re8 40. Qd4 Rb5 41. e6+ f6 42. Qa4 Rb1+ 43. Kh2 Re7 44. Qxa5 Rxe6 45. Qxd5
Rbe1 46. Ra7+ Re7 47. Ra8 Re8 48. Qd7+ R8e7 49. Qd8 Kh6 50. Qf8+ Kg5 51. Ra5+
R7e5 52. h4+ Kf5 53. Qc8+ Kf4 54. Qc4+ R5e4 55. Qc3 R4e3 56. Qxf6+ Ke4 57. Re5+
Kd3 58. Qa6+ Kd2 59. Rd5+ Kc2 60. Qa2+ Kc3 61. Rc5+ Kd4 62. Qc4# 1-0

[Event "España ch sub-12 2012"]
[Site "Salobreña ESP"]
[Date "2012.07.04"]
[Round "4.13"]
[White "Pulido Leon, Manuel"]
[Black "Galiana Fernandez, Adrian"]
[Result "1-0"]
[WhiteElo "1634"]
[BlackElo "1470"]
[PlyCount "45"]
[EventDate "2012.07.02"]
[EventType "swiss"]
[EventRounds "9"]
[EventCountry "ESP"]
[Source "lmi"]
[SourceDate "2012.07.02"]

1. e4 c5 2. Nf3 e6 3. d4 cxd4 4. Nxd4 Nf6 5. Nc3 Bb4 6. e5 Nd5 7. Bd2 Bxc3 8.
bxc3 Qc7 9. f4 Nxc3 10. Qf3 Nd5 11. Nb5 Qd8 12. Nd6+ Ke7 13. c4 Nc7 14. Qh5 Qg8
15. Bb4 Nc6 16. Ba3 h6 17. Nxf7+ d6 18. Nxh8 Qxh8 19. Bxd6+ Kd8 20. Qh4+ Kd7
21. Rd1 a6 22. Ba3+ Ke8 23. Bc1 1-0

[Event "España ch sub-12 2012"]
[Site "Salobreña ESP"]
[Date "2012.07.04"]
[Round "4.14"]
[White "Bento Iglesias, Pablo"]
[Black "Gimenez Aguirre, Alejo Ismael"]
[Result "0-1"]
[WhiteElo "1539"]
[BlackElo "1872"]
[PlyCount "150"]
[EventDate "2012.07.02"]
[EventType "swiss"]
[EventRounds "9"]
[EventCountry "ESP"]
[Source "lmi"]
[SourceDate "2012.07.02"]

1. e4 c5 2. c3 g6 3. Nf3 Bg7 4. d4 cxd4 5. cxd4 d5 6. exd5 Nf6 7. Bc4 Nxd5 8.
Bxd5 Qxd5 9. Nc3 Qh5 10. h3 O-O 11. O-O Rd8 12. Ne2 b6 13. Bg5 Bb7 14. Qd2 Bf6
15. Bxf6 exf6 16. Nf4 Qb5 17. Nh2 Nc6 18. Ne2 Rd6 19. Rad1 Rad8 20. Nf3 Ne7 21.
Rfe1 Qd7 22. Qf4 Nf5 23. Nh2 Ba6 24. Nf3 Bb7 25. Nh2 Qc6 26. Nf3 Kf8 27. a3 Qe4
28. Qxe4 Bxe4 29. Nh2 Bb7 30. Ng4 Ba6 31. d5 h5 32. Nh2 Rxd5 33. Rxd5 Rxd5 34.
Nf3 Rd7 35. Nc3 Bb7 36. Rd1 Rxd1+ 37. Nxd1 Bxf3 38. gxf3 Nh4 39. f4 Ke7 40. Kh2
Ke6 41. Ne3 Nf5 42. Kg2 Ne7 43. Kf3 f5 44. Nc2 Nc6 45. b4 Kd5 46. Ke3 Kc4 47.
f3 a5 48. bxa5 bxa5 49. Ne1 Kb3 50. Kd3 Kxa3 51. Kc3 Nb4 52. Ng2 a4 53. Ne3
Na2+ 54. Kc2 Kb4 55. Kb2 Nc3 56. Nc2+ Kc4 57. Na3+ Kd3 58. Nc2 Nd5 59. Na3 Nxf4
60. Nb5 Nxh3 61. Nd6 Nf4 62. Nxf7 h4 63. Ng5 h3 64. Nxh3 Nxh3 65. Kc1 a3 66.
Kb1 Kc3 67. Ka2 Kb4 68. Kb1 g5 69. Ka2 g4 70. f4 g3 71. Ka1 g2 72. Ka2 Ng5 73.
fxg5 g1=Q 74. g6 Qc1 75. g7 Qb2# 0-1

[Event "España ch sub-12 2012"]
[Site "Salobreña ESP"]
[Date "2012.07.04"]
[Round "4.15"]
[White "Ros Alonso, Jaume"]
[Black "Represa Perez, Mireya"]
[Result "0-1"]
[WhiteElo "1713"]
[BlackElo "1525"]
[PlyCount "32"]
[EventDate "2012.07.02"]
[EventType "swiss"]
[EventRounds "9"]
[EventCountry "ESP"]
[Source "lmi"]
[SourceDate "2012.07.02"]

1. e4 c5 2. Nf3 e6 3. Nc3 Nc6 4. g3 g6 5. d4 cxd4 6. Nxd4 Bg7 7. Nxc6 bxc6 8.
Qd6 Ne7 9. Bg5 f6 10. Be3 O-O 11. Bc5 Re8 12. Bh3 f5 13. e5 Nd5 14. Nxd5 exd5
15. Be3 Bf8 16. Qf6 Be7 0-1

[Event "España ch sub-12 2012"]
[Site "Salobreña ESP"]
[Date "2012.07.04"]
[Round "4.16"]
[White "Las Heras Aixandri, Sara"]
[Black "Soto Martin, Pablo"]
[Result "0-1"]
[WhiteElo "1542"]
[BlackElo "1707"]
[PlyCount "54"]
[EventDate "2012.07.02"]
[EventType "swiss"]
[EventRounds "9"]
[EventCountry "ESP"]
[Source "lmi"]
[SourceDate "2012.07.02"]

1. e4 e5 2. Nf3 Nc6 3. Bb5 Bc5 4. O-O Nge7 5. c3 Bb6 6. d4 exd4 7. cxd4 d5 8.
e5 Bg4 9. Bg5 O-O 10. Qd3 Bxf3 11. Qxf3 Nxd4 12. Qg4 Nxb5 13. Bf6 g6 14. Qg5
Re8 15. g4 Qd7 16. Qh6 Qxg4+ 17. Kh1 Nf5 18. Qd2 Qf3+ 19. Kg1 Nbd4 20. Re1 Qg4+
21. Kh1 Nf3 22. Qe2 Qh3 23. Qxf3 Qxf3+ 24. Kg1 Qxf2+ 25. Kh1 Qxe1+ 26. Kg2 Qf2+
27. Kh3 Qf3# 0-1

[Event "España ch sub-12 2012"]
[Site "Salobreña ESP"]
[Date "2012.07.04"]
[Round "4.17"]
[White "Jimenez Lozano, Francisco Javier"]
[Black "Diez Villace, Victor"]
[Result "0-1"]
[WhiteElo "1681"]
[BlackElo "1521"]
[PlyCount "90"]
[EventDate "2012.07.02"]
[EventType "swiss"]
[EventRounds "9"]
[EventCountry "ESP"]
[Source "lmi"]
[SourceDate "2012.07.02"]

1. e4 e6 2. d4 d5 3. exd5 exd5 4. Nf3 Bg4 5. Bd3 Nf6 6. O-O Be7 7. Bf4 Nbd7 8.
Nbd2 O-O 9. Re1 Nb6 10. c3 Bd6 11. Be5 Bxe5 12. dxe5 Nfd7 13. Qc2 h6 14. Bf5
Bxf5 15. Qxf5 Qe7 16. e6 fxe6 17. Qxe6+ Qxe6 18. Rxe6 Rfe8 19. Rae1 Rxe6 20.
Rxe6 Kf7 21. Re3 Re8 22. Nd4 Rxe3 23. fxe3 Nc5 24. b3 c6 25. Nf5 Nc8 26. g4 Kf6
27. h4 h5 28. Kg2 hxg4 29. Nd4 Ne6 30. Kg3 Nxd4 31. cxd4 Kf5 32. Nf1 Nd6 33.
Nd2 Ne4+ 34. Nxe4 dxe4 35. b4 b5 36. Kf2 Kg6 37. Kg3 Kh5 38. a4 a6 39. axb5
axb5 40. Kf4 Kxh4 41. Kxe4 g3 42. Kf3 Kh3 43. e4 g2 44. d5 cxd5 45. exd5 g1=Q
0-1

[Event "España ch sub-12 2012"]
[Site "Salobreña ESP"]
[Date "2012.07.04"]
[Round "4.18"]
[White "Aledo Yanguas, Javier"]
[Black "De La Peña Garcia, Blanca"]
[Result "1-0"]
[WhiteElo "1654"]
[BlackElo "1519"]
[PlyCount "129"]
[EventDate "2012.07.02"]
[EventType "swiss"]
[EventRounds "9"]
[EventCountry "ESP"]
[Source "lmi"]
[SourceDate "2012.07.02"]

1. e4 c5 2. c3 d6 3. d4 cxd4 4. cxd4 Nf6 5. Nc3 g6 6. Nf3 Bg7 7. Bd3 O-O 8. O-O
Nc6 9. Be3 Ng4 10. Qd2 Nxe3 11. Qxe3 Bg4 12. d5 Ne5 13. Nxe5 Bxe5 14. f4 Bxc3
15. bxc3 Bd7 16. Kh1 Qa5 17. c4 Qa3 18. Rf3 Rac8 19. f5 Qc5 20. Qg5 Rce8 21.
Raf1 Qd4 22. Rh3 Qf6 23. Qe3 Qc3 24. Rh4 a6 25. f6 h5 26. Rxh5 exf6 27. Rh4 g5
28. Qg3 Qe5 29. Rhf4 b5 30. cxb5 Bxb5 31. Bxb5 axb5 32. Rxf6 Qxg3 33. hxg3 Rxe4
34. Rxd6 Kg7 35. Rb6 b4 36. Rd1 Rd8 37. Kg1 Re5 38. d6 Re6 39. Kf2 Kf8 40. Kf3
Ke8 41. Rd2 f6 42. Kg4 Rd7 43. Kf5 Kf7 44. Rc6 Re3 45. Rc7 Re5+ 46. Kg4 Ke8 47.
Rxd7 Kxd7 48. Kf3 Re6 49. Kg4 Re5 50. Kh5 Re6 51. Kg6 Rxd6 52. Rxd6+ Kxd6 53.
Kxf6 Kd5 54. Kxg5 Kc4 55. Kf5 Kc3 56. g4 Kb2 57. g5 Kxa2 58. g6 b3 59. g7 b2
60. g8=Q+ Ka1 61. Qb8 b1=Q+ 62. Qxb1+ Kxb1 63. g4 Kc2 64. g5 Kd3 65. g6 1-0

[Event "España ch sub-12 2012"]
[Site "Salobreña ESP"]
[Date "2012.07.04"]
[Round "4.19"]
[White "Martinez Bernardo, Aitor"]
[Black "Roldan Marques, Daniel"]
[Result "0-1"]
[WhiteElo "1640"]
[BlackElo "1513"]
[PlyCount "92"]
[EventDate "2012.07.02"]
[EventType "swiss"]
[EventRounds "9"]
[EventCountry "ESP"]
[Source "lmi"]
[SourceDate "2012.07.02"]

1. d4 d5 2. c4 e6 3. Nc3 Nf6 4. Bg5 Be7 5. Nf3 c6 6. cxd5 cxd5 7. e3 O-O 8. Bd3
h6 9. O-O Nh7 10. Bxe7 Qxe7 11. Rc1 Nc6 12. a3 a6 13. Qc2 Ng5 14. Qe2 Nxf3+ 15.
Qxf3 Bd7 16. Rfd1 Rac8 17. Bc2 Na5 18. Bd3 Nc4 19. Bxc4 Rxc4 20. b3 Rc6 21. a4
Qb4 22. Nxd5 exd5 23. Qxd5 Be6 24. Qe4 Bxb3 25. Qb1 Bxd1 26. Qxb4 Rxc1 27. h3
Bxa4+ 28. Kh2 Bb5 29. d5 Rd8 30. d6 Rd1 31. Qe4 Bc6 32. Qc2 R1xd6 33. Qb2 Rd2
34. Qc3 Rxf2 35. Kg3 Rxg2+ 36. Kf4 Re8 37. Kf5 Re2 38. Qd4 R2xe3 39. Qb6 a5 40.
Qb2 a4 41. h4 a3 42. Qa1 Re1 43. Qxa3 R8e5+ 44. Kf4 R1e4+ 45. Kf3 Re3+ 46. Kf4
Re1 0-1

[Event "España ch sub-12 2012"]
[Site "Salobreña ESP"]
[Date "2012.07.04"]
[Round "4.20"]
[White "Cabrera Valverde, Cristina"]
[Black "Antunez Muñoz, Ines"]
[Result "1-0"]
[WhiteElo "1511"]
[BlackElo "1872"]
[PlyCount "59"]
[EventDate "2012.07.02"]
[EventType "swiss"]
[EventRounds "9"]
[EventCountry "ESP"]
[Source "lmi"]
[SourceDate "2012.07.02"]

1. e4 e5 2. Nc3 Nf6 3. Bc4 Nc6 4. f4 exf4 5. Nf3 Bc5 6. d4 Bb6 7. O-O d6 8.
Bxf4 h6 9. h3 O-O 10. Kh1 Nxe4 11. Qd3 Nxc3 12. bxc3 Qf6 13. Bg3 Bf5 14. Qd2
Qg6 15. Nh4 Qxg3 16. Nxf5 Qg5 17. Qd3 Rae8 18. Rf3 Kh8 19. Rg3 Qf6 20. Rf1 Rd8
21. Nxg7 Qh4 22. Rg4 Qxg4 23. hxg4 Kxg7 24. Qf5 Ne7 25. Qf6+ Kg8 26. Qxe7 Rde8
27. Qf6 c6 28. Bxf7+ Kh7 29. Qg6+ Kh8 30. Qxh6# 1-0

[Event "España ch sub-12 2012"]
[Site "Salobreña ESP"]
[Date "2012.07.04"]
[Round "4.21"]
[White "Guerrero Orihuela, Jose Luis"]
[Black "Povill Claros, Xavier"]
[Result "1/2-1/2"]
[WhiteElo "1491"]
[BlackElo "1630"]
[PlyCount "128"]
[EventDate "2012.07.02"]
[EventType "swiss"]
[EventRounds "9"]
[EventCountry "ESP"]
[Source "lmi"]
[SourceDate "2012.07.02"]

1. d4 Nf6 2. c4 e6 3. Nc3 Bb4 4. Qc2 c5 5. dxc5 Na6 6. a3 Bxc3+ 7. Qxc3 Nxc5 8.
Bg5 Nce4 9. Bxf6 Qxf6 10. Qxf6 Nxf6 11. O-O-O b6 12. e3 Ba6 13. Kb1 O-O 14. Bd3
d5 15. cxd5 Bxd3+ 16. Rxd3 Nxd5 17. Nf3 Rac8 18. Nd4 Rc7 19. Nb5 Rd7 20. e4 a6
21. exd5 axb5 22. Rhd1 Rfd8 23. d6 Rc8 24. Ka2 b4 25. a4 b5 26. axb5 Rb8 27.
Kb3 Rxb5 28. Kc4 Rb8 29. Kc5 Kf8 30. Rd4 b3 31. Rb4 Rc8+ 32. Kb5 g6 33. Kb6
Rb8+ 34. Kc6 Rxd6+ 35. Rxd6 Rxb4 36. Kc5 Re4 37. Rd2 Ke7 38. f3 Ra4 39. Rd3 Ra8
40. Kc4 Ra1 41. Kxb3 Rh1 42. h3 Rg1 43. Rd2 e5 44. Kc4 f5 45. b4 Re1 46. b5 e4
47. fxe4 fxe4 48. b6 e3 49. Rc2 e2 50. b7 Rb1 51. Rxe2+ Kf7 52. Rf2+ Ke7 53.
Re2+ Kf7 54. Re1 Rxb7 55. Rf1+ Ke6 56. Kd4 Rb2 57. g4 Rb3 58. Rh1 Rb4+ 59. Ke3
Ke5 60. Kf3 Rb3+ 61. Kg2 Rb2+ 62. Kg3 g5 63. Rf1 Rb3+ 64. Kg2 Rb2+ 1/2-1/2

[Event "España ch sub-12 2012"]
[Site "Salobreña ESP"]
[Date "2012.07.04"]
[Round "4.23"]
[White "Sanchez Caballero, Alvaro"]
[Black "Castillo Dalmau, Albert"]
[Result "0-1"]
[WhiteElo "1627"]
[BlackElo "1466"]
[PlyCount "58"]
[EventDate "2012.07.02"]
[EventType "swiss"]
[EventRounds "9"]
[EventCountry "ESP"]
[Source "lmi"]
[SourceDate "2012.07.02"]

1. e4 c6 2. Nc3 d5 3. Qf3 dxe4 4. Nxe4 Nf6 5. Bc4 Nbd7 6. Ne2 Ne5 7. Nxf6+ gxf6
8. Qb3 b5 9. Bd3 Nxd3+ 10. Qxd3 Qxd3 11. cxd3 Rg8 12. g3 Bg4 13. Nd4 e5 14.
Nxc6 Bf3 15. Nxa7 Bxh1 16. Nxb5 Rb8 17. a4 Bc6 18. Nc3 Bb4 19. Ke2 Ke7 20. Ke3
Bc5+ 21. Ke2 Rb3 22. h4 Rd8 23. a5 Bb5 24. a6 Bxd3+ 25. Ke1 Ba7 26. Ra5 Ke6 27.
Na4 Rb5 28. Rxb5 Bxb5 29. Nc3 Bxa6 0-1

[Event "España ch sub-12 2012"]
[Site "Salobreña ESP"]
[Date "2012.07.04"]
[Round "4.24"]
[White "Soto Martin, Miguel"]
[Black "Bover De La Cruz, Pol"]
[Result "1/2-1/2"]
[WhiteElo "1470"]
[BlackElo "1613"]
[PlyCount "223"]
[EventDate "2012.07.02"]
[EventType "swiss"]
[EventRounds "9"]
[EventCountry "ESP"]
[Source "lmi"]
[SourceDate "2012.07.02"]

1. d4 c5 2. d5 Nf6 3. Nc3 d6 4. e4 g6 5. Nf3 Bg7 6. Bd3 O-O 7. Be3 Ng4 8. Bf4
Nd7 9. Qd2 Nge5 10. Nxe5 Nxe5 11. Be2 a6 12. Bh6 b5 13. Bxg7 Kxg7 14. a3 f5 15.
exf5 Bxf5 16. O-O c4 17. f4 Qb6+ 18. Kh1 Ng4 19. Bxg4 Bxg4 20. Ne2 Rf6 21. Nd4
Raf8 22. Nc6 R8f7 23. Rae1 Kf8 24. c3 Bf5 25. Nd4 Qc5 26. h3 Bd3 27. Ne6+ Rxe6
28. dxe6 Bxf1 29. exf7 Bd3 30. Qe3 Qxe3 31. Rxe3 Kxf7 32. g3 Kf6 33. Kg2 e6 34.
b3 Kf5 35. Kf3 h6 36. g4+ Kf6 37. bxc4 Bxc4 38. Kf2 Bd5 39. Re1 Bc4 40. Ra1 Bb3
41. Rb1 Bc4 42. Rb4 Ke7 43. Ke3 a5 44. Rb1 a4 45. Ke4 Bd5+ 46. Ke3 Bc4 47. Rb2
Bb3 48. Rf2 Kf6 49. Ke4 Bd5+ 50. Kd4 Bb3 51. Ke4 Bd5+ 52. Ke3 Bc4 53. Rd2 Bd5
54. Rd4 Ke7 55. Rb4 Bc4 56. Ke4 Kf6 57. Rb1 Bd5+ 58. Kd4 Bc4 59. Rd1 Bd5 60.
Ke3 Ke7 61. h4 Kf6 62. Rb1 Bb3 63. Rh1 Bd5 64. Rh2 Kf7 65. h5 gxh5 66. Rxh5 Kg6
67. Rh3 Bc4 68. Ke4 Bd5+ 69. Ke3 Bc4 70. Rh5 Kg7 71. Ke4 Kg6 72. f5+ exf5+ 73.
Rxf5 Kg7 74. g5 hxg5 75. Rxg5+ Kf6 76. Rh5 Ke6 77. Kd4 Kd7 78. Rh7+ Kc6 79. Rh6
Kd7 80. Ke4 Kc6 81. Rh5 Kd7 82. Kd4 Kc6 83. Rf5 Kc7 84. Rg5 Kc6 85. Rg6 Kd7 86.
Rh6 Kc7 87. Rh8 Kd7 88. Rf8 Kc7 89. Re8 Kd7 90. Re1 Kc6 91. Rb1 Kc7 92. Rb4 Kc6
93. Rxc4+ bxc4 94. Kxc4 Kc7 95. Kb4 d5 96. Kxa4 Kc6 97. Kb3 Kd6 98. a4 Kc5 99.
Kc2 d4 100. cxd4+ Kxd4 101. Kb3 Kc5 102. Kc3 Kb6 103. Kb4 Ka6 104. a5 Ka7 105.
Kb5 Ka8 106. a6 Ka7 107. Ka5 Kb8 108. Kb6 Ka8 109. Kb5 Ka7 110. Ka5 Kb8 111.
Kb6 Ka8 112. Ka5 1/2-1/2

[Event "España ch sub-12 2012"]
[Site "Salobreña ESP"]
[Date "2012.07.04"]
[Round "5.1"]
[White "Porta Tovar, Guillem"]
[Black "Lopez Mulet, Iñigo"]
[Result "1-0"]
[WhiteElo "1846"]
[BlackElo "1957"]
[PlyCount "71"]
[EventDate "2012.07.02"]
[EventType "swiss"]
[EventRounds "9"]
[EventCountry "ESP"]
[Source "lmi"]
[SourceDate "2012.07.02"]

1. e4 e6 2. d4 d5 3. Nd2 Nf6 4. e5 Nfd7 5. f4 c5 6. c3 Nc6 7. Ndf3 Qa5 8. Ne2
cxd4 9. Nexd4 Qb6 10. Qc2 Nc5 11. a4 a5 12. Be3 Ne4 13. Bd3 Bc5 14. Bxe4 dxe4
15. Nd2 Nxd4 16. Bxd4 Bxd4 17. Nc4 Qc6 18. cxd4 O-O 19. b3 f5 20. O-O b5 21.
axb5 Qxb5 22. Nd6 Qd5 23. Qc4 Bd7 24. Rfc1 Ra7 25. Qxd5 exd5 26. Rc5 a4 27.
bxa4 Rb8 28. a5 Rb4 29. Rac1 h6 30. Rc7 Rxc7 31. Rxc7 e3 32. Kf1 Rxd4 33. Rxd7
Rxf4+ 34. Ke1 Ra4 35. Nxf5 Rxa5 36. e6 1-0

[Event "España ch sub-12 2012"]
[Site "Salobreña ESP"]
[Date "2012.07.04"]
[Round "5.2"]
[White "Orantes Taboada, Francisco"]
[Black "Bayo Milagro, Alvaro"]
[Result "1/2-1/2"]
[WhiteElo "1688"]
[BlackElo "1856"]
[PlyCount "59"]
[EventDate "2012.07.02"]
[EventType "swiss"]
[EventRounds "9"]
[EventCountry "ESP"]
[Source "lmi"]
[SourceDate "2012.07.02"]

1. e4 e6 2. d4 d5 3. e5 c5 4. c3 Nc6 5. Nf3 Qb6 6. a3 a5 7. a4 cxd4 8. cxd4 Bd7
9. Nc3 Bb4 10. Bb5 Nge7 11. O-O Nf5 12. Be3 Rc8 13. Rc1 h6 14. h3 Be7 15. Re1
Qd8 16. Bd3 Nxe3 17. Rxe3 O-O 18. Bb1 Nb4 19. b3 Re8 20. Na2 Rxc1 21. Qxc1 Nxa2
22. Bxa2 b5 23. axb5 Bxb5 24. Rc3 a4 25. bxa4 Bxa4 26. Bb1 Qb6 27. Rc7 Kf8 28.
Bd3 Qb3 29. Bc2 Qb4 30. Bxa4 1/2-1/2

[Event "España ch sub-12 2012"]
[Site "Salobreña ESP"]
[Date "2012.07.04"]
[Round "5.3"]
[White "Escudero Manzano, Sergio"]
[Black "Roma Barge, Gabriel"]
[Result "1/2-1/2"]
[WhiteElo "1789"]
[BlackElo "1735"]
[PlyCount "74"]
[EventDate "2012.07.02"]
[EventType "swiss"]
[EventRounds "9"]
[EventCountry "ESP"]
[Source "lmi"]
[SourceDate "2012.07.02"]

1. e4 e5 2. Nf3 f5 3. d4 fxe4 4. Nxe5 Nf6 5. Be2 d6 6. Ng4 Be7 7. Nxf6+ Bxf6 8.
O-O O-O 9. f3 exf3 10. Bxf3 d5 11. c3 Be7 12. Nd2 c6 13. Bg4 Rxf1+ 14. Nxf1 Bd6
15. Bg5 Bxg4 16. Qxg4 Qd7 17. Qe2 Na6 18. Ne3 Re8 19. Qd3 h6 20. Bxh6 Bxh2+ 21.
Kxh2 Qd6+ 22. Kg1 Qxh6 23. Ng4 Qh4 24. Ne5 Rf8 25. Rf1 Rxf1+ 26. Qxf1 Qf6 27.
Qe2 Nc7 28. Qg4 Qe6 29. Qh5 Ne8 30. Ng6 Qe1+ 31. Kh2 Qe4 32. Qh8+ Kf7 33. Ne5+
Ke7 34. Qh3 Nf6 35. Qg3 Qh7+ 36. Kg1 Qb1+ 37. Kh2 Qh7+ 1/2-1/2

[Event "España ch sub-12 2012"]
[Site "Salobreña ESP"]
[Date "2012.07.04"]
[Round "5.4"]
[White "Larraga Navarro, Adrian"]
[Black "Nieves Cabanes, Jose Manuel"]
[Result "1-0"]
[WhiteElo "1646"]
[BlackElo "1874"]
[PlyCount "83"]
[EventDate "2012.07.02"]
[EventType "swiss"]
[EventRounds "9"]
[EventCountry "ESP"]
[Source "lmi"]
[SourceDate "2012.07.02"]

1. e4 c5 2. Nc3 Nc6 3. f4 d6 4. Nf3 g6 5. Bb5 Bd7 6. Bxc6 Bxc6 7. d3 Bg7 8. O-O
Nf6 9. Qe1 O-O 10. Qh4 b5 11. f5 a6 12. Bh6 Bd7 13. fxg6 hxg6 14. Ng5 Nh5 15.
Bxg7 Kxg7 16. g4 f6 17. gxh5 fxg5 18. Qxg5 Rxf1+ 19. Rxf1 Be8 20. Nd5 e6 21.
Qxd8 Rxd8 22. Nc7 Bf7 23. h6+ Kg8 24. Rf6 e5 25. Nxa6 g5 26. h7+ Kg7 27. h8=Q+
Rxh8 28. Rxd6 Bxa2 29. Nxc5 Rc8 30. b4 Kf7 31. Rb6 Bb1 32. c3 Rd8 33. Rxb5 Bxd3
34. Nxd3 Rxd3 35. Rc5 Ke6 36. b5 Rd6 37. Rc6 Rxc6 38. bxc6 Kd6 39. Kg2 Kxc6 40.
Kg3 Kc5 41. Kg4 Kc4 42. Kxg5 1-0

[Event "España ch sub-12 2012"]
[Site "Salobreña ESP"]
[Date "2012.07.04"]
[Round "5.5"]
[White "Tevar Becerra, Alvaro"]
[Black "Muñoz Pelaez, Manuel"]
[Result "0-1"]
[WhiteElo "1578"]
[BlackElo "1805"]
[PlyCount "68"]
[EventDate "2012.07.02"]
[EventType "swiss"]
[EventRounds "9"]
[EventCountry "ESP"]
[Source "lmi"]
[SourceDate "2012.07.02"]

1. e4 e5 2. Nf3 Nc6 3. Bb5 a6 4. Bxc6 dxc6 5. O-O Be6 6. Re1 Bd6 7. c3 Qd7 8.
d4 exd4 9. cxd4 O-O-O 10. Nc3 Ne7 11. e5 Bb4 12. a3 Ba5 13. b4 Bb6 14. Be3 Bg4
15. Na4 Qf5 16. Nxb6+ cxb6 17. h3 Bxf3 18. Qxf3 Qxf3 19. gxf3 Nf5 20. Rad1 Rd5
21. Rd2 Nh4 22. Kf1 Nxf3 23. Red1 Nxd2+ 24. Rxd2 Kd7 25. f4 Ke6 26. Kf2 Rhd8
27. Rc2 Kf5 28. Kf3 g6 29. Rc4 b5 30. Rc3 Rxd4 31. Bxd4 Rxd4 32. Kg3 Rxf4 33.
Re3 Re4 34. Rf3+ Kxe5 0-1

[Event "España ch sub-12 2012"]
[Site "Salobreña ESP"]
[Date "2012.07.04"]
[Round "5.6"]
[White "Jimenez Vado, Yvan"]
[Black "Pulido Leon, Manuel"]
[Result "1-0"]
[WhiteElo "1739"]
[BlackElo "1634"]
[PlyCount "159"]
[EventDate "2012.07.02"]
[EventType "swiss"]
[EventRounds "9"]
[EventCountry "ESP"]
[Source "lmi"]
[SourceDate "2012.07.02"]

1. d4 e6 2. c4 Bb4+ 3. Nc3 Nf6 4. Nf3 Ne4 5. Qc2 Bxc3+ 6. bxc3 f5 7. g3 O-O 8.
Bg2 Nc6 9. O-O Rb8 10. Rb1 b6 11. Rd1 Ba6 12. d5 Na5 13. dxe6 d6 14. Nd4 Qf6
15. Rf1 c5 16. Nxf5 Nxc3 17. Bb2 Nxe2+ 18. Qxe2 Qxf5 19. Be4 Bxc4 20. Qc2 Qxe6
21. Bxh7+ Kh8 22. Rfe1 Qh6 23. Be4 d5 24. Bg2 d4 25. Re4 g5 26. h4 Bxa2 27.
Bxd4+ cxd4 28. Qxa2 Nc6 29. hxg5 Qd6 30. Qc2 Qg6 31. Rh4+ Kg7 32. Qxg6+ Kxg6
33. Bxc6 Rbc8 34. Bb5 Kxg5 35. Rxd4 Rc2 36. Rf1 Rc5 37. Be2 a5 38. f4+ Kg6 39.
Rd6+ Rf6 40. Rxf6+ Kxf6 41. Rb1 Rc6 42. g4 Re6 43. Bd3 Rd6 44. Bb5 Rd4 45. Rf1
a4 46. g5+ Kf5 47. Kg2 a3 48. Kg3 a2 49. Ra1 Rxf4 50. Rxa2 Kxg5 51. Be2 Rb4 52.
Ra6 Rb3+ 53. Kf2 Rb2 54. Ke3 Kf5 55. Kd3 b5 56. Ra5 Kf4 57. Bd1 b4 58. Kc4 Rd2
59. Bb3 Rd8 60. Kxb4 Rb8+ 61. Kc3 Rc8+ 62. Bc4 Ke4 63. Ra7 Rc5 64. Re7+ Re5 65.
Bd3+ Kf4 66. Rh7 Rg5 67. Kd4 Rg8 68. Rf7+ Kg3 69. Ke3 Re8+ 70. Be4 Rg8 71. Rf1
Rb8 72. Rg1+ Kh2 73. Rg2+ Kh3 74. Rg7 Rf8 75. Bf3 Re8+ 76. Kf2 Kh4 77. Rg4+ Kh3
78. Rg3+ Kh2 79. Rg1 Re2+ 80. Bxe2 1-0

[Event "España ch sub-12 2012"]
[Site "Salobreña ESP"]
[Date "2012.07.04"]
[Round "5.7"]
[White "Gimenez Aguirre, Alejo Ismael"]
[Black "Lacruz Algarate, Alvaro"]
[Result "1-0"]
[WhiteElo "1872"]
[BlackElo "1363"]
[PlyCount "51"]
[EventDate "2012.07.02"]
[EventType "swiss"]
[EventRounds "9"]
[EventCountry "ESP"]
[Source "lmi"]
[SourceDate "2012.07.02"]

1. e4 e6 2. d4 d5 3. Nd2 Nf6 4. e5 Nfd7 5. f4 c5 6. c3 Nc6 7. Ndf3 Qb6 8. Ne2
a5 9. g3 cxd4 10. cxd4 Be7 11. Bh3 O-O 12. O-O Re8 13. Kh1 Nf8 14. g4 f6 15.
Ng3 Bd7 16. Nh5 fxe5 17. fxe5 Ng6 18. Qd2 Rf8 19. Nxg7 Kxg7 20. Qh6+ Kh8 21.
Ng5 Rxf1+ 22. Bxf1 Nf8 23. Nxh7 Nxh7 24. Bd3 Kg8 25. Bxh7+ Kf7 26. Qg6+ 1-0

[Event "España ch sub-12 2012"]
[Site "Salobreña ESP"]
[Date "2012.07.04"]
[Round "5.8"]
[White "Roig Serralta, Nadal"]
[Black "Jausas Lopez, Andrea"]
[Result "0-1"]
[WhiteElo "1721"]
[BlackElo "1553"]
[PlyCount "84"]
[EventDate "2012.07.02"]
[EventType "swiss"]
[EventRounds "9"]
[EventCountry "ESP"]
[Source "lmi"]
[SourceDate "2012.07.02"]

1. d4 Nf6 2. Nf3 e6 3. g3 d5 4. Bg2 Be7 5. c4 c6 6. Nc3 Nbd7 7. cxd5 exd5 8.
O-O O-O 9. Nh4 Nb6 10. Qd3 Re8 11. a4 a5 12. f4 Bd6 13. Nf3 Bc7 14. Ne5 Nbd7
15. Bd2 h6 16. e4 dxe4 17. Nxe4 Nxe4 18. Bxe4 Nxe5 19. Bh7+ Kh8 20. fxe5 Be6
21. Be4 Qd7 22. Bc3 Red8 23. Qc2 Bb6 24. Rad1 Qc7 25. Kh1 Bd5 26. Rf4 Be6 27.
Bg2 Rd7 28. b4 Rad8 29. bxa5 Bxa5 30. Be4 Bxc3 31. Qxc3 Qb6 32. Bf3 Qb3 33. Qa1
Ra8 34. a5 Qb5 35. Qc3 Qxa5 36. Qd3 Rad8 37. Bg4 Bxg4 38. Rxg4 Qxe5 39. dxe5
Rxd3 40. Rxd3 Rxd3 41. Rb4 b5 42. Rb2 Rd5 0-1

[Event "España ch sub-12 2012"]
[Site "Salobreña ESP"]
[Date "2012.07.04"]
[Round "5.9"]
[White "Soto Martin, Pablo"]
[Black "Cabrera Valverde, Cristina"]
[Result "0-1"]
[WhiteElo "1707"]
[BlackElo "1511"]
[PlyCount "82"]
[EventDate "2012.07.02"]
[EventType "swiss"]
[EventRounds "9"]
[EventCountry "ESP"]
[Source "lmi"]
[SourceDate "2012.07.02"]

1. e4 e5 2. Nf3 Nc6 3. Bc4 Bc5 4. c3 Nf6 5. d3 O-O 6. Bg5 d6 7. Bb3 h6 8. Bh4
Bg4 9. Nbd2 Qe7 10. h3 Bh5 11. Nc4 Rae8 12. O-O g5 13. Bg3 Bg6 14. Ne3 Kh7 15.
Bc4 Nh5 16. Nd5 Qd8 17. Bh2 a6 18. b4 Ba7 19. a4 Nf4 20. b5 Na5 21. Ba2 f5 22.
Re1 fxe4 23. dxe4 Bh5 24. Bxf4 gxf4 25. bxa6 bxa6 26. Qd3 Qc8 27. Nb4 c5 28.
Nd5 c4 29. Qd1 Qd8 30. Kf1 Rg8 31. Rb1 Re6 32. Ke2 Rxg2 33. Rf1 Qc8 34. Nxf4
exf4 35. Qd5 Qe8 36. Qxa5 Rxe4+ 37. Kd2 Re2+ 38. Kc1 Be3+ 39. fxe3 Rc2+ 40. Kd1
Rgd2+ 41. Ke1 Qxe3# 0-1